References on agricultural history as a field for research / (Record no. 9833)
[ view plain ]
| 000 -LEADER | |
|---|---|
| fixed length control field | 00999cam a22002651a 4500 |
| 001 - CONTROL NUMBER | |
| control field | agr38000019 |
| 003 - CONTROL NUMBER IDENTIFIER | |
| control field | DLC |
| 005 - DATE AND TIME OF LATEST TRANSACTION | |
| control field | 20260227110956.0 |
| 008 - FIXED-LENGTH DATA ELEMENTS--GENERAL INFORMATION | |
| fixed length control field | 830311s1937 dcu b f001 0 eng |
| 010 ## - LIBRARY OF CONGRESS CONTROL NUMBER | |
| LC control number | agr38000019 |
| 035 ## - SYSTEM CONTROL NUMBER | |
| System control number | (OCoLC)9303786 |
| 040 ## - CATALOGING SOURCE | |
| Original cataloging agency | DLC |
| Transcribing agency | ScFlM |
| Modifying agency | DLC |
| 042 ## - AUTHENTICATION CODE | |
| Authentication code | premarc |
| 050 00 - LIBRARY OF CONGRESS CALL NUMBER | |
| Classification number | Z5075.U5 |
| Item number | E225 |
| 100 1# - MAIN ENTRY--PERSONAL NAME | |
| Personal name | Edwards, Everett Eugene, |
| Dates associated with a name | 1900- |
| 245 10 - TITLE STATEMENT | |
| Title | References on agricultural history as a field for research / |
| Statement of responsibility, etc. | by Everett E. Edwards. |
| 260 ## - PUBLICATION, DISTRIBUTION, ETC. | |
| Place of publication, distribution, etc. | Washington, D.C. : U. S. Dept. of Agriculture, Library, |
| Date of publication, distribution, etc. | [1937] |
| 300 ## - PHYSICAL DESCRIPTION | |
| Extent | v, 41 p. |
| Dimensions | 27 cm. |
| 490 1# - SERIES STATEMENT | |
| Series statement | United States. Dept. of Agriculture. Library. Bibliographical contributions ; |
| Volume/sequential designation | no. 32 |
| 500 ## - GENERAL NOTE | |
| General note | Mimeographed. |
| 500 ## - GENERAL NOTE | |
| General note | Contribution from the Bureau of Agricultural Economics. |
| 500 ## - GENERAL NOTE | |
| General note | Includes index. |
| 650 #0 - SUBJECT ADDED ENTRY--TOPICAL TERM | |
| Topical term or geographic name entry element | Agriculture |
| Geographic subdivision | United States |
| General subdivision | History |
| Form subdivision | Bibliography. |
| 810 10 - SERIES ADDED ENTRY--CORPORATE NAME | |
| Corporate name or jurisdiction name as entry element | United States. |
| Subordinate unit | Department of Agriculture. |
| -- | Library. |
| Title of a work | Bibliographical contributions ; |
| Volume/sequential designation | no. 32. |
No items available.